000 00662nam a22002177a 4500
999 _c170885
_d170885
005 20191227173344.0
008 191227b ||||| |||| 00| 0 eng d
010 _aB-167196
020 _a8173715408
_c115.00
035 _aB-167196
040 _adpl
_ben
050 _adpl
082 _a375.0083
100 _aBharucha, Erach
245 _aTextbook of environmental studies:
_bfor undergraduate courses/
_cby Erach Bharucha
260 _aHyderabad
_bUniversities Press
_c2005
270 _a3-5-819, Hyderguda,
_bHyderabad
_e500029
300 _a276p
_c26cm(pbk)
942 _2ddc
_cEN
_h375.0083
_mBHA